000 00773nam a2200241Mi 4500
001 91254
005 20230411090049.0
008 000101s1972 mx 000 0 spa d
035 _a(OCoLC)ocn253496289
040 _aGyGoGBV
_erakwb
_bger
_cGBVCP
024 8 _aSPKT536475
035 _a(OCoLC)253496289
049 _aGRAL
100 1 _aSolís M., Leopoldo.
245 1 0 _aControversias sobre el crecimiento y la distribución :
_blas opiniones de economistas mexicanos acerca de la política económica /
_cLeopoldo Solís M.
260 _aMéxico :
_bFondo de Cultura Económica,
_c1972.
300 _a230 S ;
_c
440 0 _aSección de Obras de Economía
650 4 _aCRV
650 4 _acolección Rene Villareal
942 _2lcc
_cbk
994 _aC0
_bDRFGD
999 _c111843
_d111843